Tracks in Mamma Mia! Here we go again - Statistics

General Stats
  • This quiz has been taken 89 times
  • The average score is 8 of 15
Answer Stats
Answer % Correct
Mamma Mia
87%
Dancing Queen
78%
Waterloo
75%
Fernando
66%
When I kissed the teacher
59%
One of us
58%
Super Trouper
57%
My love, My life
55%
Angel eyes
54%
I have a dream
50%
Why did it have to be me
46%
Knowing me, Knowing you
45%
The name of the game
42%
I've been waiting for you
34%
Kisses of fire
25%
No matching quizzes found
Score Distribution
Percent of People with Each Score
Percentile by Number Answered
Your Score History
You have not taken this quiz